000 00430nam a22001337a 4500
040 _cNUST
082 _a220 PRO
100 _aMuhammad Tahir Ali Muhammad Eshan
_9130958
110 _aSupervisor: Asst. Prof. Kamran Aziz
_9130959
245 _aPR-SOF-2569-Enhancing Medical Imaging CT to MRI Conversion via GAN-CNN Fusion
260 _aISLAMABAD:
_bNUST COLLEGE OF EME,
_c2025.
650 _aDE-ELECT-43
_9130873
942 _2ddc
_cPR
999 _c615083
_d615083